Normal view MARC view
  • Museums, Libraries and Archives Council

Entry Corporate Name

Number of records used in: 2

001 - CONTROL NUMBER

  • control field: 5134

003 - CONTROL NUMBER IDENTIFIER

  • control field: SIRSI

005 - DATE AND TIME OF LATEST TRANSACTION

  • control field: 20190806150240.0

008 - FIXED-LENGTH DATA ELEMENTS

  • fixed length control field: 070306n| aaannaabn |n ana d

040 ## - CATALOGING SOURCE

  • Original cataloging agency: OSt
  • Transcribing agency: OSt

110 2# - HEADING--CORPORATE NAME

  • Corporate name or jurisdiction name as entry element: Museums, Libraries and Archives Council

410 ## - SEE FROM TRACING--CORPORATE NAME

  • Corporate name or jurisdiction name as entry element: MLA

410 ## - SEE FROM TRACING--CORPORATE NAME

  • Corporate name or jurisdiction name as entry element: England
  • Subordinate unit: Museums, Libraries and Archives Council

410 ## - SEE FROM TRACING--CORPORATE NAME

  • Corporate name or jurisdiction name as entry element: United Kingdom
  • Subordinate unit: Museums, Libraries and Archives Council

670 ## - SOURCE DATA FOUND

  • Source citation: Museums Libraries and Archives Council